[Event "European Blitz 2016"]
[Site "Tallinn EST"]
[Date "2016.12.17"]
[Round "14.9"]
[White "Bortnyk, Olexandr"]
[Black "Bologan, Victor"]
[Result "1/2-1/2"]
[WhiteTitle "GM"]
[BlackTitle "GM"]
[WhiteElo "2581"]
[BlackElo "2640"]
[WhiteFideId "14120828"]
[BlackFideId "13900048"]
[EventDate "2016.12.17"]

1. e4 c5 2. Nf3 d6 3. c3 Nf6 4. h3 Nc6 5. Bd3 d5 6. e5 c4 7. Bc2 Nd7 8. Ba4 e6
9. O-O Be7 10. Re1 O-O 11. d4 cxd3 12. b4 f6 13. exf6 Bxf6 14. Qxd3 Nde5 15.
Nxe5 Nxe5 16. Qe2 a5 17. b5 Bd7 18. Bc2 Rc8 19. a4 Ng6 20. Be3 Qc7 21. Bxg6 hxg6
22. Bd4 Qc4 23. Qxc4 Rxc4 24. Nd2 Rxd4 25. cxd4 Bxd4 26. Nf3 Bxa1 27. Rxa1 Rc8
28. Ne5 Be8 29. f4 Kf8 30. Kf2 Rc2+ 31. Kg3 Ke7 32. h4 d4 33. Kf3 Rc3+ 34. Ke4
Rg3 35. Rc1 Rxg2 36. Rc7+ Kd6 37. Rxb7 Ra2 38. Rb8 Ke7 39. Kxd4 Rxa4+ 40. Kc5
Rxf4 41. b6 Rf5 42. Rxe8+ Kxe8 43. b7 Rxe5+ 44. Kc6 Rf5 45. b8=Q+ Kf7 46. Qa7+
Kg8 47. Kd6 Rf6 48. Ke5 Kh7 49. Qa8 Rf5+ 50. Kxe6 Rh5 51. Qd8 Rf5 52. Qd4 Rf6+
53. Ke7 Rf5 54. Qa4 Re5+ 55. Kd6 Rf5 56. Kc6 Rh5 57. Qe4 Rf5 58. Kb6 Rh5 59. Qe7
Rf5 1/2-1/2

[Event "European Blitz 2016"]
[Site "Tallinn EST"]
[Date "2016.12.17"]
[Round "14.10"]
[White "Marin, Mihail"]
[Black "Riazantsev, Alexander"]
[Result "0-1"]
[WhiteTitle "GM"]
[BlackTitle "GM"]
[WhiteElo "2539"]
[BlackElo "2671"]
[WhiteFideId "1200020"]
[BlackFideId "4125029"]
[EventDate "2016.12.17"]

1. Nf3 d5 2. c4 e6 3. d4 Nf6 4. g3 a6 5. Bg2 dxc4 6. O-O Nc6 7. e3 Rb8 8. Qe2 b5
9. b3 cxb3 10. axb3 Be7 11. Bd2 O-O 12. Rc1 Bb7 13. Ne1 Nd5 14. Nd3 Qc8 15. Nc5
Bxc5 16. Rxc5 Rd8 17. Be1 Nce7 18. Nd2 Nf6 19. Nf3 Be4 20. Ba5 Ned5 21. Ne5 Bxg2
22. Kxg2 Qb7 23. Qf3 Rbc8 24. Rac1 h6 25. g4 Rf8 26. h4 Nh7 27. e4 Ndf6 28. Nc6
Rfe8 29. g5 hxg5 30. hxg5 Nd7 31. R5c3 Nxg5 32. Qg4 Nh7 33. Rh1 Ndf8 34. Rg3 0-1

[Event "European Blitz 2016"]
[Site "Tallinn EST"]
[Date "2016.12.17"]
[Round "14.11"]
[White "Movsesian, Sergei"]
[Black "Castellanos Rodriguez, Renier"]
[Result "1/2-1/2"]
[WhiteTitle "GM"]
[BlackTitle "IM"]
[WhiteElo "2673"]
[BlackElo "2491"]
[WhiteFideId "310204"]
[BlackFideId "3404650"]
[EventDate "2016.12.17"]

1. e4 c5 2. Nf3 d6 3. Nc3 a6 4. d4 cxd4 5. Nxd4 Nf6 6. g3 e6 7. Bg2 Be7 8. O-O
O-O 9. Be3 Nc6 10. Nxc6 bxc6 11. Na4 Nd7 12. c4 Rb8 13. b3 c5 14. Qd2 Bb7 15.
Rad1 Qc7 16. h3 Rbd8 17. Qc2 Ne5 18. Nc3 Rfe8 19. Ne2 Bf6 20. g4 h6 21. f4 Nc6
22. Bf2 Qe7 23. Rd2 Bh4 24. Bxh4 Qxh4 25. Rfd1 Qe7 26. Qc3 e5 27. f5 Nd4 28. Qe3
Qg5 29. Qf2 Bc6 30. Nc3 a5 31. Qg3 h5 32. Rf2 h4 33. Qd3 a4 34. bxa4 Ra8 35. f6
g6 36. Rb1 Bxa4 37. Nd5 Rab8 38. Rff1 Bc2 39. Rxb8 Rxb8 40. Qa3 Qd2 41. Qa7 Rf8
42. Qd7 Ne2+ 43. Kh2 Bxe4 44. Bxe4 Ng3+ 45. Kg1 Nxe4 46. Ne7+ Kh7 47. Nxg6 Qe3+
48. Kg2 Qg3+ 49. Kh1 Qxh3+ 50. Kg1 Qg3+ 51. Kh1 Qh3+ 52. Kg1 Qe3+ 53. Kh2 Qe2+
54. Kg1 Qe3+ 55. Kh2 Qg3+ 1/2-1/2

[Event "European Blitz 2016"]
[Site "Tallinn EST"]
[Date "2016.12.17"]
[Round "14.12"]
[White "Zorko, Jure"]
[Black "Vallejo Pons, Francisco"]
[Result "0-1"]
[WhiteTitle "IM"]
[BlackTitle "GM"]
[WhiteElo "2454"]
[BlackElo "2711"]
[WhiteFideId "14604051"]
[BlackFideId "2205530"]
[EventDate "2016.12.17"]

1. d4 e6 2. Nf3 f5 3. g3 Nf6 4. Bg2 d5 5. O-O Bd6 6. c4 O-O 7. b3 c6 8. Ba3 Bxa3
9. Nxa3 b6 10. Nc2 Ba6 11. Ne5 Nfd7 12. Nxd7 Nxd7 13. Nb4 Bb7 14. cxd5 cxd5 15.
Qd2 Qe7 16. Rfc1 Rfc8 17. e3 a5 18. Nd3 Ba6 19. Nf4 g5 20. Nxd5 exd5 21. Bxd5+
Kf8 22. Bxa8 Rxa8 23. Rc7 Rc8 24. Ra7 Bb5 25. Rc1 Rxc1+ 26. Qxc1 Qe4 27. Rc7 Ke7
28. a4 Be2 29. Qa3+ Kd8 30. Rc1 Bg4 31. Qb2 Bh3 32. f4 Qxe3+ 33. Kh1 gxf4 34. d5
Qe4+ 35. Kg1 Ne5 36. d6 0-1

[Event "European Blitz 2016"]
[Site "Tallinn EST"]
[Date "2016.12.17"]
[Round "14.13"]
[White "Grandelius, Nils"]
[Black "Kantans, Toms"]
[Result "1/2-1/2"]
[WhiteTitle "GM"]
[BlackTitle "IM"]
[WhiteElo "2643"]
[BlackElo "2454"]
[WhiteFideId "1710400"]
[BlackFideId "11602945"]
[EventDate "2016.12.17"]

1. d4 Nf6 2. Nc3 d5 3. Bf4 g6 4. e3 Bg7 5. Nf3 O-O 6. Be2 c6 7. h3 Nbd7 8. O-O
b5 9. a3 a5 10. Bd3 Nb6 11. Re1 Re8 12. Ne5 Bb7 13. Qf3 b4 14. axb4 axb4 15.
Rxa8 Qxa8 16. Ne2 Nbd7 17. b3 Nxe5 18. Bxe5 c5 19. Nf4 c4 20. Bf1 cxb3 21. cxb3
Ne4 22. Bxg7 Kxg7 23. Nd3 Qa3 24. Qd1 Rc8 25. Qa1 Rc2 26. Qxa3 bxa3 27. Ra1 a2
28. Nb4 Rb2 29. Rxa2 Rxb3 30. Nd3 Rb1 31. Rb2 Rxb2 32. Nxb2 e6 33. Na4 Bc6 34.
Nb2 g5 35. Bd3 Nd6 36. Bc2 Bb5 37. Nd1 f5 38. Nc3 Bc6 39. Na2 Bb5 40. Nb4 Kf6
41. f3 h6 42. Kf2 Nc4 43. g4 Na3 44. gxf5 Nxc2 45. Nxc2 Kxf5 46. Nb4 h5 47. Na2
Bc4 48. Nc3 Kf6 49. e4 Kf7 50. Kg3 Kf6 51. h4 Kg6 52. Nd1 Be2 53. Ne3 gxh4+ 54.
Kf2 Bc4 55. f4 Ba2 56. e5 Bb1 57. Kg2 Bf5 58. Kh2 Bg4 59. Kg2 Bf5 60. Kh2 Bg4
61. Kg2 Bf5 62. Kh2 Bg4 1/2-1/2

[Event "European Blitz 2016"]
[Site "Tallinn EST"]
[Date "2016.12.17"]
[Round "14.14"]
[White "Pohjala, Henri"]
[Black "Plat, Vojtech"]
[Result "0-1"]
[WhiteTitle "FM"]
[BlackTitle "IM"]
[WhiteElo "2382"]
[BlackElo "2532"]
[WhiteFideId "506478"]
[BlackFideId "325740"]
[EventDate "2016.12.17"]

1. d4 d6 2. Nf3 Bg4 3. g3 c6 4. Bg2 Nd7 5. O-O e5 6. dxe5 dxe5 7. Nc3 Ngf6 8.
Be3 Qc7 9. Ng5 Be7 10. Qd2 O-O 11. Rad1 Rad8 12. Rfe1 Nb6 13. Qc1 Nc4 14. Nge4
Nxe4 15. Nxe4 f5 16. Rxd8 Rxd8 17. Nc5 Qc8 18. Nd3 e4 19. Nc5 b6 20. Nb3 c5 21.
Bf4 Qe6 22. f3 Bh5 23. fxe4 fxe4 24. Rd1 Rxd1+ 25. Qxd1 Nxb2 26. Qe1 Nc4 27. Nd2
g5 28. Nxc4 Qxc4 29. Be3 Qxc2 30. Bh3 Bf6 31. Qf2 Kg7 32. g4 Bf7 33. Bg2 Qb1+
34. Bf1 Qxa2 35. h4 h6 36. hxg5 hxg5 37. Qf5 Qd5 38. Qf2 a5 39. Bc1 a4 40. e3
Qd1 41. Bb2 Qxg4+ 42. Bg2 Qd1+ 43. Bf1 Qf3 44. Bxf6+ Qxf6 45. Qc2 a3 0-1

[Event "European Blitz 2016"]
[Site "Tallinn EST"]
[Date "2016.12.17"]
[Round "14.15"]
[White "Grigoriants, Sergey"]
[Black "Zhigalko, Sergei"]
[Result "0-1"]
[WhiteTitle "GM"]
[BlackTitle "GM"]
[WhiteElo "2563"]
[BlackElo "2671"]
[WhiteFideId "4130804"]
[BlackFideId "13502956"]
[EventDate "2016.12.17"]

1. e4 c5 2. Nf3 Nc6 3. Bb5 Nf6 4. Bxc6 dxc6 5. Nc3 Bg4 6. h3 Bh5 7. d3 Qc7 8.
Be3 Nd7 9. g4 Bg6 10. Nh4 e6 11. Qe2 Be7 12. Ng2 f6 13. f4 Bf7 14. h4 h5 15. g5
O-O-O 16. O-O-O Qa5 17. Kb1 e5 18. Bd2 Qa6 19. gxf6 gxf6 20. Ne3 b5 21. b3 exf4
22. Nf5 Bf8 23. Bxf4 Ne5 24. Bxe5 fxe5 25. Qh2 Re8 26. Rdf1 Rh7 27. Rf3 Qa5 28.
Nd1 c4 29. Rhf1 cxd3 30. Rxd3 Qc7 31. Nf2 Be6 32. Nh3 Rd7 33. Rxd7 Qxd7 34. Ng5
Ba3 35. Qe2 Rd8 36. Nxe6 Qxe6 37. Rd1 Rxd1+ 38. Qxd1 Qg6 39. Qc1 Bxc1 40. Ne7+
Kd7 41. Nxg6 Bf4 42. c4 bxc4 43. bxc4 Bg3 44. Kc2 Ke8 45. Kd3 Kf7 0-1

[Event "European Blitz 2016"]
[Site "Tallinn EST"]
[Date "2016.12.17"]
[Round "14.16"]
[White "Wojtaszek, Radoslaw"]
[Black "Agrest, Evgenij"]
[Result "1/2-1/2"]
[WhiteTitle "GM"]
[BlackTitle "GM"]
[WhiteElo "2749"]
[BlackElo "2593"]
[WhiteFideId "1118358"]
[BlackFideId "1705024"]
[EventDate "2016.12.17"]

1. c4 e5 2. Nc3 d6 3. Nf3 f5 4. g3 c6 5. d4 e4 6. Ng5 Be7 7. Nh3 Nf6 8. Bg5 O-O
9. Nf4 Na6 10. e3 Nc7 11. h4 Ne6 12. Nxe6 Bxe6 13. Be2 h6 14. Bxf6 Bxf6 15. h5
c5 16. dxc5 Bxc3+ 17. bxc3 dxc5 18. Qb3 b6 19. a4 Rb8 20. Kf1 Qe7 21. Kg2 Rfd8
22. Rhd1 Rxd1 23. Rxd1 Rd8 24. Rxd8+ Qxd8 25. a5 bxa5 26. Qb5 Qb6 27. Qe8+ Kh7
28. g4 fxg4 29. Bxg4 Bxg4 30. Qxe4+ Kg8 31. Qxg4 a4 32. Qc8+ Kh7 33. Qf5+ Kh8
34. Qf8+ Kh7 35. Qf5+ Kh8 36. Qf8+ Kh7 1/2-1/2

[Event "European Blitz 2016"]
[Site "Tallinn EST"]
[Date "2016.12.17"]
[Round "14.17"]
[White "Alekseev, Evgeny"]
[Black "Potkin, Vladimir"]
[Result "1-0"]
[WhiteTitle "GM"]
[BlackTitle "GM"]
[WhiteElo "2632"]
[BlackElo "2597"]
[WhiteFideId "4138147"]
[BlackFideId "4131061"]
[EventDate "2016.12.17"]

1. e4 c5 2. Nf3 e6 3. d4 cxd4 4. Nxd4 Nc6 5. Nc3 Qc7 6. g3 a6 7. Bg2 d6 8. O-O
Be7 9. Nb3 Nf6 10. f4 O-O 11. Be3 b5 12. a3 Rb8 13. g4 b4 14. axb4 Nxb4 15. g5
Nd7 16. Rf3 Re8 17. Rh3 g6 18. Qe2 Bf8 19. Rd1 Bg7 20. Qf2 a5 21. Nd4 Ba6 22. f5
exf5 23. exf5 Re5 24. Qh4 gxf5 25. Qxh7+ Kf8 26. Nxf5 Rxf5 27. Qxf5 Nxc2 28.
Qxc2 1-0

[Event "European Blitz 2016"]
[Site "Tallinn EST"]
[Date "2016.12.17"]
[Round "14.18"]
[White "Ponkratov, Pavel"]
[Black "Sychev, Klementy"]
[Result "1-0"]
[WhiteTitle "GM"]
[BlackTitle "IM"]
[WhiteElo "2607"]
[BlackElo "2453"]
[WhiteFideId "4157800"]
[BlackFideId "4114060"]
[EventDate "2016.12.17"]

1. d4 Nf6 2. c4 e6 3. Nc3 d5 4. Nf3 c5 5. cxd5 Nxd5 6. e3 Nc6 7. Bd3 Be7 8. O-O
O-O 9. a3 cxd4 10. exd4 Nf6 11. Bc2 b6 12. Qd3 Bb7 13. Bg5 g6 14. Rad1 Rc8 15.
Rfe1 Re8 16. h4 a6 17. Bb3 Na5 18. Ba2 b5 19. Ne5 Nd5 20. Bxe7 Rxe7 21. Ne4 Kg7
22. Qg3 f6 23. Nd3 Rcc7 24. Nec5 Bc8 25. h5 Nc4 26. Bb1 g5 27. a4 Kh8 28. b3 Na3
29. Qf3 Nxb1 30. Rxb1 Qf8 31. axb5 axb5 32. Ra1 b4 33. Ra8 Kg7 34. Nxe6+ Rxe6
35. Rxe6 Qf7 36. Re1 Bb7 37. Ra7 Nf4 38. Rxb7 Rxb7 39. Nxf4 gxf4 40. Qg4+ Kh8
41. Rc1 Rb8 42. Qxf4 Rd8 43. Rc7 Qe6 44. Qh6 1-0

[Event "European Blitz 2016"]
[Site "Tallinn EST"]
[Date "2016.12.17"]
[Round "14.19"]
[White "Maier, Christian"]
[Black "Cvitan, Ognjen"]
[Result "0-1"]
[WhiteTitle "IM"]
[BlackTitle "GM"]
[WhiteElo "2390"]
[BlackElo "2491"]
[WhiteFideId "4601955"]
[BlackFideId "14500086"]
[EventDate "2016.12.17"]

1. e4 c5 2. Nf3 d6 3. Bb5+ Bd7 4. c4 Nf6 5. Nc3 g6 6. O-O Bg7 7. d3 O-O 8. Bg5
h6 9. Bd2 a6 10. Bxd7 Nfxd7 11. h3 Nc6 12. Be3 Rc8 13. Qd2 Kh7 14. Nh2 f5 15.
Rae1 e6 16. f4 Qa5 17. Nf3 Rce8 18. Kh1 b5 19. a3 Nf6 20. exf5 gxf5 21. cxb5
axb5 22. d4 b4 23. Ne2 Ne4 24. Qc2 Qb5 25. dxc5 dxc5 26. Kh2 Rd8 27. Ng3 b3 28.
Qc1 Nxg3 29. Kxg3 c4 30. Bd2 Rd3 31. Rxe6 Nd4 32. Re3 Rxe3 33. Bxe3 Ne2+ 34. Kh2 0-1

[Event "European Blitz 2016"]
[Site "Tallinn EST"]
[Date "2016.12.17"]
[Round "14.20"]
[White "Brodowski, Piotr"]
[Black "Naiditsch, Arkadij"]
[Result "1-0"]
[WhiteTitle "IM"]
[BlackTitle "GM"]
[WhiteElo "2444"]
[BlackElo "2687"]
[WhiteFideId "1124480"]
[BlackFideId "4650891"]
[EventDate "2016.12.17"]

1. g3 Nf6 2. Bg2 d5 3. c4 d4 4. d3 h5 5. Nf3 Nc6 6. Bg5 e5 7. Nbd2 Be7 8. O-O
Ng4 9. Bxe7 Qxe7 10. h4 Bf5 11. b4 Nd8 12. Qa4+ Kf8 13. Ng5 f6 14. Nge4 Ne6 15.
Rae1 g5 16. Nf3 Bxe4 17. dxe4 Rg8 18. c5 Kg7 19. Qb3 Kh7 20. e3 dxe3 21. fxe3
Rg7 22. hxg5 Nxg5 23. Nh4 Nh6 24. Nf5 Nxf5 25. exf5 Rag8 26. Qd1 Qe8 27. Kf2 Rd7
28. Qe2 Kg7 29. Rh1 Rh8 30. Bxb7 Rd8 31. Bg2 Qd7 32. Qc2 Qb5 33. a3 a5 34. bxa5
Qxa5 35. Rd1 Qxa3 36. Bc6 Qb4 37. Bd7 Ne4+ 38. Kf3 Nxc5 39. Bc6 Qg4+ 40. Kf2 Qb4
41. Bf3 e4 42. Bxh5 Nd3+ 43. Kg2 c5 44. Be2 c4 45. Rb1 Qe7 46. Qxc4 Rxh1 47.
Rxh1 Rb8 48. Bxd3 exd3 49. Qg4+ 1-0

[Event "European Blitz 2016"]
[Site "Tallinn EST"]
[Date "2016.12.17"]
[Round "14.21"]
[White "Boe, Mads"]
[Black "Kobalia, Mikhail"]
[Result "0-1"]
[WhiteTitle "FM"]
[BlackTitle "GM"]
[WhiteElo "2321"]
[BlackElo "2628"]
[WhiteFideId "1401408"]
[BlackFideId "4119150"]
[EventDate "2016.12.17"]

1. d4 f5 2. Nc3 Nf6 3. Bf4 d6 4. h3 g6 5. e3 Bg7 6. Bc4 e6 7. Nf3 O-O 8. O-O Kh8
9. Bh2 Qe7 10. Re1 Ne4 11. Bd3 d5 12. Ne2 c6 13. c4 Nd7 14. Rc1 g5 15. Ne5 Nxe5
16. Bxe5 Bd7 17. Bxg7+ Qxg7 18. Bxe4 fxe4 19. Ng3 Be8 20. Rf1 Bg6 21. f3 exf3
22. Rxf3 Rxf3 23. Qxf3 Rf8 24. Qg4 Qe7 25. c5 e5 26. Rf1 Rxf1+ 27. Nxf1 exd4 28.
Qxd4+ Kg8 29. Nd2 h6 30. b4 Kf7 31. a3 Qf6 32. Nf3 Be4 33. Qxf6+ Kxf6 34. Nd4 h5
35. Kf2 Bd3 36. g3 h4 37. gxh4 gxh4 38. Kf3 Bf5 39. a4 Bxh3 40. b5 Bd7 41. bxc6
bxc6 42. a5 Ke5 43. Nc2 h3 44. Kg3 Ke4 45. Nb4 Kxe3 0-1

[Event "European Blitz 2016"]
[Site "Tallinn EST"]
[Date "2016.12.17"]
[Round "14.22"]
[White "Narmontas, Matas"]
[Black "Pavlidis, Antonios"]
[Result "0-1"]
[WhiteTitle "IM"]
[BlackTitle "GM"]
[WhiteElo "2411"]
[BlackElo "2532"]
[WhiteFideId "12802204"]
[BlackFideId "4212312"]
[EventDate "2016.12.17"]

1. e4 c5 2. Nf3 Nc6 3. d4 cxd4 4. Nxd4 e6 5. Nc3 Qc7 6. Be3 a6 7. Be2 b5 8. a3
Bb7 9. f4 d6 10. O-O Nf6 11. Qe1 h5 12. Kh1 Be7 13. Bf3 h4 14. Rd1 h3 15. Qg3
hxg2+ 16. Qxg2 Nxd4 17. Bxd4 e5 18. fxe5 dxe5 19. Be3 Kf8 20. Nd5 Bxd5 21. exd5
e4 22. Bxe4 Bd6 23. Rxf6 gxf6 24. h3 Re8 25. Rg1 Qd7 26. Qg7+ Ke7 27. Bg2 Rxh3+ 0-1

[Event "European Blitz 2016"]
[Site "Tallinn EST"]
[Date "2016.12.17"]
[Round "14.23"]
[White "Karttunen, Mika"]
[Black "Onischuk, Vladimir"]
[Result "0-1"]
[WhiteTitle "IM"]
[BlackTitle "GM"]
[WhiteElo "2455"]
[BlackElo "2601"]
[WhiteFideId "502081"]
[BlackFideId "14114038"]
[EventDate "2016.12.17"]

1. d4 d6 2. e4 Nf6 3. Nc3 g6 4. f3 c6 5. Be3 b5 6. Qd2 Nbd7 7. Nh3 Nb6 8. Nf2
Bg7 9. Be2 Nc4 10. Bxc4 bxc4 11. b3 Ba6 12. b4 Rb8 13. a3 Bc8 14. Qe2 Be6 15.
O-O O-O 16. f4 a5 17. Rab1 axb4 18. axb4 Ra8 19. Ra1 Qb8 20. Rab1 Ra3 21. Bc1
Rxc3 22. Qd2 c5 23. e5 Nd5 24. Bb2 cxd4 25. Bxc3 dxc3 26. Qe1 dxe5 27. Ne4 Nxf4
28. Nc5 Bd5 29. Rf2 Qc8 30. Qxc3 Qg4 31. Qe3 Nxg2 32. Qg3 Qxg3 33. hxg3 Ne3 34.
b5 e4 35. Rd2 e6 36. b6 Bc3 37. Re2 Bd4 38. Nd7 Rd8 39. b7 Bxb7 40. Rxb7 Nxc2+
41. Kh2 Ne3 42. Nb6 c3 43. Na4 c2 44. Rc7 Ra8 45. Rxe3 Bxe3 46. Rxc2 Rxa4 0-1

[Event "European Blitz 2016"]
[Site "Tallinn EST"]
[Date "2016.12.17"]
[Round "14.24"]
[White "Ladva, Ottomar"]
[Black "Matlakov, Maxim"]
[Result "0-1"]
[WhiteTitle "GM"]
[BlackTitle "GM"]
[WhiteElo "2510"]
[BlackElo "2694"]
[WhiteFideId "4500024"]
[BlackFideId "4168003"]
[EventDate "2016.12.17"]

1. Nf3 Nf6 2. c4 b6 3. d4 e6 4. g3 Bb7 5. Bg2 Be7 6. O-O O-O 7. Nc3 Ne4 8. Bd2
Bf6 9. Rc1 Nxd2 10. Qxd2 d6 11. e4 Nd7 12. d5 e5 13. b4 g6 14. Ne1 a5 15. a3
axb4 16. axb4 Bg5 17. f4 exf4 18. gxf4 Bh6 19. Nd3 Ne5 20. Ne2 Qh4 21. Qe1 Qxe1
22. Nxe1 Ng4 23. Nc2 Ba6 24. b5 Bc8 25. Ned4 Ra4 26. Nc6 Rxc4 27. Ne7+ Kg7 28.
Nxc8 Rxc8 29. Bh3 f5 30. exf5 gxf5 31. Bxg4 fxg4 32. Ne3 Rxc1 33. Rxc1 Bxf4 34.
Rc3 h5 35. Kg2 Kf6 36. Nc4 Ra8 37. Rc2 h4 38. Rf2 h3+ 0-1

[Event "European Blitz 2016"]
[Site "Tallinn EST"]
[Date "2016.12.17"]
[Round "14.25"]
[White "Novikov, Stanislav"]
[Black "Dzhumagaliev, Yan"]
[Result "0-1"]
[WhiteTitle "GM"]
[BlackTitle "FM"]
[WhiteElo "2513"]
[BlackElo "2400"]
[WhiteFideId "4125371"]
[BlackFideId "24100110"]
[EventDate "2016.12.17"]

1. e4 c5 2. Nf3 Nc6 3. Bb5 e6 4. O-O Nge7 5. Re1 a6 6. Bf1 d5 7. exd5 Nxd5 8.
Na3 Be7 9. Nc4 O-O 10. a4 b6 11. d3 Bb7 12. c3 b5 13. Ne3 Nf6 14. d4 cxd4 15.
cxd4 Qb6 16. axb5 axb5 17. Rxa8 Bxa8 18. Qd3 Rb8 19. Bd2 Nb4 20. Qb3 Nbd5 21.
Nc2 h6 22. Ne5 Rc8 23. Bd3 Bd6 24. h3 Bb7 25. Ra1 Bxe5 26. dxe5 Nd7 27. Be4 Nc5
28. Qf3 Nxe4 29. Qxe4 Ne7 30. Qe3 Qc6 31. Ne1 Nf5 32. Qf4 Rd8 33. Bc3 Kh7 34. f3
Qc5+ 35. Kh2 Rd5 36. h4 Qe7 37. Kh3 Qd8 38. h5 Rc5 39. Ra7 Rc4 40. Qxc4 bxc4 41.
g3 Qb6 42. Ra4 Qf2 0-1

[Event "European Blitz 2016"]
[Site "Tallinn EST"]
[Date "2016.12.17"]
[Round "14.26"]
[White "Lobanov, Sergei"]
[Black "Chigaev, Maksim"]
[Result "0-1"]
[BlackTitle "GM"]
[WhiteElo "2429"]
[BlackElo "2531"]
[WhiteFideId "24183750"]
[BlackFideId "4108116"]
[EventDate "2016.12.17"]

1. e4 g6 2. d4 Bg7 3. Nc3 a6 4. f4 d6 5. Nf3 b5 6. Bd3 Nd7 7. e5 c5 8. exd6 exd6
9. O-O Ne7 10. f5 cxd4 11. Ne4 Nxf5 12. g4 d5 13. gxf5 dxe4 14. Bxe4 Rb8 15.
Nxd4 O-O 16. Nc6 Qb6+ 17. Rf2 Nf6 18. Bg2 Bxf5 19. Ne7+ Kh8 20. Nxf5 gxf5 21. h3
Ne4 0-1

[Event "European Blitz 2016"]
[Site "Tallinn EST"]
[Date "2016.12.17"]
[Round "14.27"]
[White "Tregubov, Pavel V."]
[Black "Kulaots, Kaido"]
[Result "0-1"]
[WhiteTitle "GM"]
[BlackTitle "GM"]
[WhiteElo "2585"]
[BlackElo "2556"]
[WhiteFideId "4115341"]
[BlackFideId "4500261"]
[EventDate "2016.12.17"]

1. d4 Nf6 2. c4 g6 3. Nc3 d5 4. Nf3 Bg7 5. e3 O-O 6. cxd5 Nxd5 7. Bc4 Nxc3 8.
bxc3 c5 9. O-O Qc7 10. Qe2 Nc6 11. Bb2 b6 12. Rac1 Bb7 13. Rfd1 Rac8 14. e4 e6
15. Qe3 Rfd8 16. h4 h6 17. Bd3 Na5 18. e5 Qc6 19. Qe2 Qa4 20. Bb5 Qxa2 21. h5 g5
22. Nh2 cxd4 23. cxd4 Qd5 24. f3 Rxc1 25. Rxc1 Rc8 26. Rxc8+ Bxc8 27. Ng4 Bd7
28. Bd3 Bc6 29. Nf6+ Bxf6 30. exf6 b5 31. Be4 Qc4 32. Bd3 Qd5 33. Be4 Qc4 34.
Bd3 Qd5 35. Be4 Qd6 36. d5 Qc5+ 37. Kh1 Bxd5 38. Bb1 Nc4 39. Qc2 Kf8 40. Qh7 Ke8
41. Bc1 Qf2 42. Qg8+ Kd7 43. Qxf7+ Kc6 44. Qe8+ Kb6 45. Qd8+ Ka6 0-1

[Event "European Blitz 2016"]
[Site "Tallinn EST"]
[Date "2016.12.17"]
[Round "14.28"]
[White "Pustovoitova, Daria"]
[Black "Ruck, Robert"]
[Result "0-1"]
[WhiteTitle "FM"]
[BlackTitle "GM"]
[WhiteElo "2401"]
[BlackElo "2561"]
[WhiteFideId "4182146"]
[BlackFideId "705713"]
[EventDate "2016.12.17"]

1. d4 Nf6 2. c4 e6 3. Nf3 d5 4. g3 dxc4 5. Bg2 a6 6. O-O Nc6 7. e3 Bd7 8. Qe2 b5
9. b3 cxb3 10. axb3 Be7 11. Rd1 O-O 12. Nc3 Nd5 13. Nxd5 exd5 14. Ne1 Nb4 15.
Ba3 c6 16. Bxb4 Bxb4 17. Nd3 Bd6 18. Rdc1 a5 19. e4 Re8 20. e5 Bf8 21. Nc5 Bxc5
22. Rxc5 Qb6 23. Qc2 Ra7 24. f4 Rea8 25. f5 a4 26. b4 a3 27. Ra2 Ra4 28. Qc3
Bxf5 29. Rxc6 Qd8 30. Qc5 Be6 31. h4 h6 32. Qxb5 Bd7 33. Qxd5 Bxc6 34. Qxd8+
Rxd8 35. Bxc6 Rxb4 36. d5 Rb1+ 37. Kf2 Rb2+ 0-1

[Event "European Blitz 2016"]
[Site "Tallinn EST"]
[Date "2016.12.17"]
[Round "14.29"]
[White "Skytte, Rasmus"]
[Black "Huzman, Alexander"]
[Result "0-1"]
[WhiteTitle "IM"]
[BlackTitle "GM"]
[WhiteElo "2390"]
[BlackElo "2557"]
[WhiteFideId "1404210"]
[BlackFideId "2803828"]
[EventDate "2016.12.17"]

1. e4 e6 2. d4 d5 3. Nd2 c5 4. c3 cxd4 5. cxd4 Nc6 6. Ngf3 dxe4 7. Nxe4 Be7 8.
Bd3 Nf6 9. O-O O-O 10. Be3 Nd5 11. a3 b6 12. Qe2 Bb7 13. Rfd1 Rc8 14. h3 Rc7 15.
Ne5 Nxe3 16. Nxc6 Bxc6 17. fxe3 Ba8 18. Nc3 g6 19. Rf1 Kg7 20. Rf2 Bh4 21. Rff1
Bg5 22. Ne4 Be7 23. Rad1 Qd5 24. Nc3 Qd7 25. Nb5 Rcc8 26. Rc1 Bg5 27. Nc3 f5 28.
Ba6 Bb7 29. Bxb7 Qxb7 30. Rcd1 a6 31. e4 b5 32. d5 exd5 33. Nxd5 Rce8 34. e5 Re6
35. Rfe1 Rfe8 36. Qf3 Rxe5 37. Rxe5 Rxe5 38. Qc3 Bf6 39. Nxf6 Qb6+ 40. Kh1 Qxf6
41. Rd7+ Kh6 42. Qd2+ f4 43. Rd6 Qf5 44. Rxa6 Rd5 45. Qe2 Re5 46. Qd2 Re3 47.
Rc6 Qe4 48. Rc3 Re2 0-1

[Event "European Blitz 2016"]
[Site "Tallinn EST"]
[Date "2016.12.17"]
[Round "14.30"]
[White "Fargere, Francois"]
[Black "Jussupow, Artur"]
[Result "1/2-1/2"]
[WhiteTitle "GM"]
[BlackTitle "GM"]
[WhiteElo "2404"]
[BlackElo "2585"]
[WhiteFideId "615935"]
[BlackFideId "4618777"]
[EventDate "2016.12.17"]

1. e4 e5 2. Nf3 Nf6 3. Nxe5 d6 4. Nf3 Nxe4 5. Nc3 Nf6 6. h3 Be7 7. d4 O-O 8. Bd3
Re8 9. O-O Nc6 10. Bf4 Nb4 11. Be2 Bf5 12. Rc1 Nfd5 13. Nxd5 Nxd5 14. Bd2 Bf6
15. c4 Nb6 16. Bf4 Re4 17. Bg3 Qd7 18. Bd3 Re7 19. Qc2 Bg6 20. Rfe1 Rae8 21.
Rxe7 Rxe7 22. b3 Qe8 23. Qd2 Nd7 24. Bf4 Bxd3 25. Qxd3 h6 26. Kf1 Nf8 27. Re1
Rxe1+ 28. Nxe1 Ne6 29. Be3 b6 30. Nf3 Qd7 31. Qf5 Nf8 32. Qxd7 Nxd7 33. Ke2 h5
34. Kd3 Kf8 35. Ke4 c6 36. Bf4 Ke7 37. g4 hxg4 38. hxg4 g6 39. Nd2 Nf8 40. Nf3
Ne6 41. Be3 Nc7 42. Nd2 d5+ 43. Kd3 Ke6 1/2-1/2